Brauer: oils, gouaches, watercolours, and etchings. (Запис № 476297)

МАРК-запис
000 -LEADER
fixed length control field 01528cam a2200361 4500
001 - CONTROL NUMBER
control field braueroilsgouach00brau
003 - CONTROL NUMBER IDENTIFIER
control field CaSfIA
005 - DATE AND TIME OF LATEST TRANSACTION
control field 20210117221602.0
007 - PHYSICAL DESCRIPTION FIXED FIELD--GENERAL INFORMATION
fixed length control field cr||||
008 - FIXED-LENGTH DATA ELEMENTS--GENERAL INFORMATION
fixed length control field 711220s1971 nyua 000 0 eng
010 ## - LIBRARY OF CONGRESS CONTROL NUMBER
LC control number 71198394
040 ## - CATALOGING SOURCE
Original cataloging agency DLC
Transcribing agency DLC
Modifying agency UIU
-- OCLCQ
-- OCLCG
-- STF
-- LGG
-- CaSfIA
035 ## - SYSTEM CONTROL NUMBER
System control number (OCoLC)216745
050 #0 - LIBRARY OF CONGRESS CALL NUMBER
Classification number N6811.5.B7
Item number M3
082 ## - DEWEY DECIMAL CLASSIFICATION NUMBER
Classification number 759.39
029 1# - (OCLC)
OCLC library identifier NLGGC
System control number 780884019
029 1# - (OCLC)
OCLC library identifier AU@
System control number 000000559789
029 1# - (OCLC)
OCLC library identifier AU@
System control number 000022159908
100 1# - MAIN ENTRY--PERSONAL NAME
Personal name Brauer, Erich,
Dates associated with a name 1929-
245 10 - TITLE STATEMENT
Title Brauer: oils, gouaches, watercolours, and etchings.
Medium [electronic resource]
260 ## - PUBLICATION, DISTRIBUTION, ETC. (IMPRINT)
Place of publication, distribution, etc [New York,
Name of publisher, distributor, etc Marlborough Gallery,
Date of publication, distribution, etc 1971]
300 ## - PHYSICAL DESCRIPTION
Extent 46 p.
Other physical details illus. (part col.)
Dimensions 30 cm.
500 ## - GENERAL NOTE
General note "Cat. no. 290."
500 ## - GENERAL NOTE
General note Exhibition held at Marlborough Gallery, New York, Sept. 1971.
500 ## - GENERAL NOTE
General note Errata slip inserted.
506 ## - RESTRICTIONS ON ACCESS NOTE
Standardized terminology for access restriction Необхідна авторизація на https://archive.org/ (створення облікового запису безкоштовно)
506 ## - RESTRICTIONS ON ACCESS NOTE
Standardized terminology for access restriction Необхідна авторизація на https://openlibrary.org/ (створення облікового запису безкоштовно)
600 10 - SUBJECT ADDED ENTRY--PERSONAL NAME
Personal name Brauer, Erich,
Dates associated with a name 1929-
Form subdivision Exhibitions.
710 2# - ADDED ENTRY--CORPORATE NAME
Corporate name or jurisdiction name as entry element Marlborough Gallery.
856 41 - ELECTRONIC LOCATION AND ACCESS
Uniform Resource Identifier <a href="http://www.archive.org/details/braueroilsgouach00brau">http://www.archive.org/details/braueroilsgouach00brau</a>
Public note Free eBook from the Internet Archive
856 42 - ELECTRONIC LOCATION AND ACCESS
Uniform Resource Identifier <a href="http://www.openlibrary.org/books/OL5761943M">http://www.openlibrary.org/books/OL5761943M</a>
Public note Additional information and access via Open Library
942 ## - ADDED ENTRY ELEMENTS (KOHA)
Koha item type ЕКнига

Немає доступних примірників.